|
|
|
|
| LEADER |
00000nam0a2200000 4500 |
| 001 |
296517 |
| 005 |
20231102000920.0 |
| 020 |
|
|
|a RU
|b 84-40668
|
| 035 |
|
|
|a (RuTPU)RU\TPU\book\321625
|
| 090 |
|
|
|a 296517
|
| 100 |
|
|
|a 20150601d1984 km y0rusy5003 ca
|
| 101 |
0 |
|
|a rus
|
| 102 |
|
|
|a RU
|
| 105 |
|
|
|a a z 001zb
|
| 200 |
1 |
|
|a Петр Ильич Чайковский
|f Г. А. Прибегина
|
| 205 |
|
|
|a 2-е изд.
|
| 210 |
|
|
|a Москва
|c Музыка
|d 1984
|
| 215 |
|
|
|a 192 с.
|c ил.
|
| 300 |
|
|
|a На пер. авт. не указан
|
| 320 |
|
|
|a Библиогр.: с. 190
|
| 600 |
|
1 |
|a Чайковский
|g Петр Ильич
|b П. И.
|c русский композитор
|f 1840-1893
|2 stltpush
|3 (RuTPU)RU\TPU\pers\1137
|
| 606 |
1 |
|
|a Композиторы
|2 stltpush
|3 (RuTPU)RU\TPU\subj\15032
|9 41330
|
| 610 |
1 |
|
|a музыка
|
| 610 |
1 |
|
|a Россия
|
| 610 |
1 |
|
|a история
|
| 610 |
1 |
|
|a 19 век
|
| 610 |
1 |
|
|a персоналии
|
| 675 |
|
|
|a 78.071.1
|z rus
|v 3
|
| 700 |
|
1 |
|a Прибегина
|b Г. А.
|g Галина Алексеевна
|4 070
|
| 801 |
|
0 |
|a RU
|b RuMRKP
|c 19950704
|g psbo
|
| 801 |
|
1 |
|a RU
|b 63413507
|c 20150601
|
| 801 |
|
2 |
|a RU
|b 63413507
|c 20181102
|g RCR
|
| 942 |
|
|
|c BK
|